000 00673nas a2200229 4500
001 BR6008840
003 BR-BrBNA
005 20231205082122.0
007 ta
008 230509b bl.|||p| |||| 00| 00por d
040 _aBR-BrBNA
_bpor
_cBiblioteca Nacional de Agricultura
041 _a(Pt)
072 _aN20
100 1 _aRamalho, R.P. de
245 1 _aRolo de moenda em novo material [cana de acucar, Brasil]
650 _aMAQUINA AGRICOLA
650 _aCANA DE ACUCAR
650 _aMOENDA
773 0 _tBoletim Tecnico COPERSUCAR (Brazil)
_xISSN 0100-2996
_g(Sep 1977), (no. 5) p. 4
_wBR6008840
909 _a202311
_bLúcia
_c55
_dLúcia Elande
942 _2AGRIS
_n0
_cANA
999 _c89279
_d89279